00293 a2200109 450000100060000002000180000608200140002410000230003824500780006126000340013930000100017385382 a9781932099249 a297.4 GUL aM. Fethullah Gulen aEmerald Hills of the Heart : Key Concepts in the Practice of Sufism Vol-1 aNew JersybTughra Booksc2011 axi188